000 00434nam a22001817a 4500
003 koha_MIRAKIL
005 20231213095656.0
008 231213b |||||||| |||| 00| 0 ||| d
020 _b978-0-14-131836-3
040 _aTR-IsEVY
_btur
_cTR-IsEVY
082 _a420 CHA/N
100 _aCHAPMAN, LINDA.
245 0 _aNOT QUITE A MERMAID.
260 _bPuffin,
_c2005
300 _a86.
650 _aİngiliz Dili.
942 _2ddc
_cBK
999 _c7576
_d7576